Hotel management theory V 2 (Record no. 208025)

MARC details
000 -LEADER
fixed length control field 00347nam a2200145Ia 4500
008 - FIXED-LENGTH DATA ELEMENTS--GENERAL INFORMATION
fixed length control field 231221s9999 xx 000 0 und d
041 ## - LANGUAGE CODE
Language code of text/sound track or separate title English
082 ## - DEWEY DECIMAL CLASSIFICATION NUMBER
Classification number 647.94 CHA.2;4
100 ## - MAIN ENTRY--PERSONAL NAME
Personal name Chakravarti, B K
245 #0 - TITLE STATEMENT
Title Hotel management theory V 2
260 ## - PUBLICATION, DISTRIBUTION, ETC.
Date of publication, distribution, etc. 1999
Name of publisher, distributor, etc. APH publ.
Place of publication, distribution, etc. New Delhi
300 ## - PHYSICAL DESCRIPTION
Extent 853
500 ## - GENERAL NOTE
General note E-509
942 ## - ADDED ENTRY ELEMENTS (KOHA)
Koha item type Hotel Management Library
Holdings
Date last seen Total checkouts Full call number Accession number Cost, total (INR) price Price effective from Category Lost status Damaged status Department Withdrawn status Home library Current library Shelving location Entry date Vendor Cost, normal purchase price Grants Billnumber Billdate Currency symbol Conversion rate Discount Old discount
26/01/2024   647.94 CHA.2;4 HM626 800.00 26/01/2024 Hotel Management Library     HEM   Central Library Central Library HM   College Book House 1000.00 HM A-373 21/06/2010 RS 1 200 20

© For any Suggestions or Query, please contact the library staff @ librarian@pes.edu or Phone: +9180 2672 1983/ 2108.